Statistics for Назови колонию европейской страны(20 век)

Click here to take the quiz!

General Stats

  • This quiz has been taken 212 times
  • The average score is 50 of 109

Answer Stats

Колонизаторская СтранаКолония(Страна)% Correct
П-ов ИндостанИндия
82%
Северная АмерикаКанада
76%
КонтинентАвстралия
68%
Северная АфрикаЕгипет
67%
Южная АфрикаЮАР
66%
Северная АфрикаАлжир
63%
Северная АфрикаМарокко
61%
П-ов ИндостанПакистан
60%
Северная АфрикаТунис
59%
Восточная Африка, частьСомали
59%
Аравийский п-овОман
59%
Аравийский п-овЙемен
59%
Ближний ВостокИрак
58%
Северная АфрикаСудан
58%
Северная АфрикаЛивия
58%
Юго-восточная АзияИндонезия
58%
Центральная АфрикаНигер
58%
ОкеанияНовая Зеландия
57%
Западная АфрикаНигерия
56%
Аравийский п-овКатар
56%
ИндокитайЛаос
56%
Ближний ВостокСирия
55%
Центральная АфрикаМали
54%
Индийский океан, островШри-Ланка
54%
Корейский п-овЮжная Корея
54%
Европа, островаМальта
54%
Аравийский п-ов, островБахрейн
53%
Центральная АфрикаЦАР
53%
Восточная Африка, с 1936 годаЭфиопия
53%
П-ов ИндостанБангладеш
53%
ИндокитайВьетнам
53%
Аравийский п-овКувейт
53%
Аравийский п-овОАЭ
53%
ИндокитайКамбоджа
52%
Западная АфрикаАнгола
52%
Восточная АфрикаКения
52%
Ближний ВостокИзраиль(Палестина)
52%
ИндокитайМьянма
51%
Европа, островКипр
51%
Юго-восточная АзияМалайзия
50%
Западная АфрикаГвинея
50%
Центральная АфрикаЧад
50%
Корейский п-овСеверная Корея
50%
Ближний ВостокЛиван
49%
Восточная АфрикаЭритрея
49%
Южная АмерикаГайана
48%
Индийский океан, островМадагаскар
48%
Индийский океан, островаМальдивы
47%
Южно-китайское море, островТайвань
47%
Западная АфрикаМозамбик
46%
Западная АфрикаМавритания
46%
Карибское море, островЯмайка
46%
Южная АфрикаЗимбабве
45%
Западная АфрикаТого
44%
Южная АфрикаЗамбия
44%
Восточная АфрикаТанзания
44%
ОкеанияФиджи
44%
Ближний ВостокИордания
44%
Норвежское море, островИсландия
44%
Южная АфрикаБотсвана
43%
Северная Америка, островБарбадос
43%
Центральная АфрикаРуанда
43%
Юго-восточная АзияПапуа-Новая Гвинея
43%
ЯпонияЯпония
42%
Восточная АфрикаДжибути
42%
ВеликобританияВеликобритания
42%
Северная АмерикаБелиз
42%
Северная Америка, островаБагамы
41%
Восточная АфрикаУганда
41%
ИспанияИспания
41%
Западная АфрикаСенегал
41%
Южная АфрикаСуринам
41%
Северная Америка, островДоминика
41%
ФранцияФранция
40%
ОкенияМикронезия
40%
Центральная АфрикаБурунди
39%
Северная Америка, островГренада
39%
Индийский океан, острваСейшелы
39%
Западная АфрикаБенин
38%
Западная АфрикаГабон
38%
ОкеанияСамоа
38%
Западная АфрикаГана
38%
Западная АфрикаКамерун
37%
ПортугалияПортугалия
37%
Западная АфрикаКот Д'Ивуар
37%
Западная АфрикаГвинея-Бисау
37%
Западная АфрикаСьерра-Леоне
37%
Западная АфрикаЭкваториальная Гвинея
37%
ДанияДания
36%
Западная АфрикаГамбия
36%
ОкеанияТувалу
36%
ОкеанияКирибати
36%
ОкеанияТонга
35%
Северная Америка, островТринидад и Тобаго
35%
ОкеанияПалау
35%
НидерландыНидерланды
34%
БельгияБельгия
34%
Центральная АфрикаДРК
34%
Южная АфрикаМалави
33%
Северная Америка, островаАнтигуа и Барбуда
33%
ИталияИталия
32%
ОкеанияСоломоновы острова
31%
Индийский океан, островаКоморы
31%
Западная АфрикаБуркина-Фасо
30%
Африка, часть СомалиСомалиленд
23%
Северная Америка, островаСент-Винсент и Гренадины
22%
Западная АфрикаЗападная Сахара
18%
Западная АфрикаСан--Томе и Принсипи
11%
Северная Америка, островаСент-Киттс и Нэвис
3%

Score Distribution

Percentile by Number Answered

Percent of People with Each Score

Your Score History

You have not taken this quiz